000 00498nam a2200181Ia 4500
008 230711s9999||||xx |||||||||||||| ||und||
020 _a978-93-392-1960-4
041 _aENG
082 _a621.319
_bSU-C
100 _aSudhakar,A
245 0 _aCircuits and networks : Analysis and synthesis
250 _a5th Ed.
260 _c2015
_aNew Delhi
_bMcGraw Hill Education(India) Private Limited
300 _a935p.
650 _aElectronics Engineering
700 _aPalli Shyammohan S
942 _cBK
999 _c6336
_d6336